School : (Record no. 113167)
[ view plain ]
| 000 -LEADER | |
|---|---|
| fixed length control field | 00548nam a2200193 a 4500 |
| 001 - CONTROL NUMBER | |
| control field | 3535 |
| 005 - DATE AND TIME OF LATEST TRANSACTION | |
| control field | 20140414132005.0 |
| 008 - FIXED-LENGTH DATA ELEMENTS--GENERAL INFORMATION | |
| fixed length control field | 060509s19uu xx 00 eng d |
| 020 ## - INTERNATIONAL STANDARD BOOK NUMBER | |
| International Standard Book Number | 0-07-602729-5 |
| 050 ## - LIBRARY OF CONGRESS CALL NUMBER | |
| Classification number | TR 372.4 |
| Item number | B35 2005 |
| 245 ## - TITLE STATEMENT | |
| Title | School : |
| Remainder of title | SRA open court reading, L.K, Unit 1. |
| 250 ## - EDITION STATEMENT | |
| Edition statement | Teacher's Edition |
| 260 ## - PUBLICATION, DISTRIBUTION, ETC. (IMPRINT) | |
| Place of publication, distribution, etc | Columbus, Ohio : |
| Name of publisher, distributor, etc | SRA/McGraw-Hill, |
| Date of publication, distribution, etc | 2005. |
| 300 ## - PHYSICAL DESCRIPTION | |
| Extent | 335 p. ; cm. |
| 440 ## - SERIES STATEMENT/ADDED ENTRY--TITLE | |
| Title | SRA Open Court Reading, Red |
| 500 ## - GENERAL NOTE | |
| General note | Includes index |
| 650 ## - SUBJECT ADDED ENTRY--TOPICAL TERM | |
| Topical term or geographic name as entry element | Reading |
| General subdivision | Study and teaching. |
| Withdrawn status | Lost status | Damaged status | Use restrictions | Home library | Current library | Shelving location | Date acquired | Source of acquisition | Total Checkouts | Full call number | Barcode | Date last seen | Price effective from | Koha item type |
|---|---|---|---|---|---|---|---|---|---|---|---|---|---|---|
| Munich Library | Munich Library | Teachers Reference Section | 05/09/2006 | TR 372.4 B35 2005 | M4673 | 04/14/2014 | 04/14/2014 | Books |